| 000 | 01084nam a2200253 a 4500 | ||
|---|---|---|---|
| 001 | 000033474 | ||
| 005 | 20200930070302.0 | ||
| 008 | 110830s19231932es 000 0 spa d | ||
| 040 |
_aDO-SdBNP _bspa _cBNPHU |
||
| 082 |
_a325.346 _bA469g |
||
| 100 | 1 |
_aAltolaguirre y Duvale, Ángel de _d1857-1939 _959000 |
|
| 245 | 1 | 0 |
_aGobernación espiritual y temporal de las Indias : _bcódice publicado en virtud de acuerdo de la Real Academia de la Historia / _cÁngel de Altolaguirre y Duvale. |
| 260 |
_aMadrid : _bTipografía de Archivos, _c1923-1932. |
||
| 300 |
_a6v. ; _c23 cm. |
||
| 490 | 1 | _aDocumentos inéditos de ultramar | |
| 500 | _aIncluye referencias bibliográficas y notas al pie de las páginas | ||
| 500 | _aPublicado originalmente como ¨Colección de documentos inéditos de ultramar¨ | ||
| 610 | 2 | 0 |
_aIGLÉSIA CATÓLICA _zAMÉRICA LATINA _959003 |
| 651 | 4 |
_aAmérica Latina _xHistoria _91786 |
|
| 651 | 4 |
_aEspaña _xColonias _xAdministración _934070 |
|
| 830 | 0 |
_aDocumentos inéditos de ultramar _959001 |
|
| 910 | _aValidado. Control de calidad MFF | ||
| 049 | _aBNPD | ||
| 999 |
_c32965 _d32965 |
||